[Event "Merida World Heritage op 3rd"]
[Site "Merida"]
[Date "2023.08.05"]
[Round "9"]
[White "Abbasifar, Hasan"]
[Black "Mendes, Modeste"]
[Result "1-0"]
[WhiteElo "2325"]
[BlackElo "1944"]
[PlyCount "93"]
[EventDate "2023.07.31"]
[EventType "swiss"]
[EventRounds "9"]
[EventCountry "ESP"]
[SourceTitle "CBM 215 Extra"]
[Source "ChessBase"]
[SourceDate "2023.09.30"]
[SourceVersion "1"]
[SourceVersionDate "2023.09.30"]
[SourceQuality "1"]

1. e4 e5 2. Nf3 Nc6 3. Bc4 Bc5 4. c3 Bb6 5. d4 Qe7 6. d5 Nd8 7. 0-0 Nf6 8. Qd3 0-0 9. a4 a5 10. b4 d6 11. h3 h6 12. Nbd2 Nh5 13. bxa5 Bxa5 14. Nb3 Bb6 15. a5 Ba7 16. g4 Nf6 17. Kg2 Kh7 18. Ng1 g6 19. Ne2 Ne8 20. Ng3 Ng7 21. f4 f5 22. exf5 gxf5 23. fxe5 Qxe5 24. Nd4 Bxd4 25. cxd4 Qf6 26. Bd2 h5 27. gxh5 Rg8 28. Kh2 Nf7 29. Bb3 Bd7 30. Rae1 Kh8 31. Rf2 Rae8 32. Ref1 Re7 33. Bd1 Nh6 34. Rf4 Ne8 35. R4f2 Reg7 36. Bf4 Qh4 37. Kg2 Nf6 38. Rf3 Nxh5 39. Qe3 Nxf4+ 40. Qxf4 Rxg3+ 41. Rxg3 Rxg3+ 42. Qxg3 Qxd4 43. Bf3 Bb5 44. Re1 f4 45. Qh4 Kg7 46. Qg5+ Kf7 47. Bh5+ 1-0

[Event "Collado Villalba op 39th"]
[Site "Collado Villalba"]
[Date "2022.08.22"]
[Round "3"]
[White "Pastor Alonso de Prado, Emilio Alberto"]
[Black "Abbasifar, Hasan"]
[Result "0-1"]
[WhiteElo "2050"]
[BlackElo "2345"]
[PlyCount "62"]
[EventDate "2022.08.20"]
[EventType "swiss"]
[EventRounds "9"]
[EventCountry "ESP"]
[SourceTitle "EXT 2023"]
[Source "ChessBase"]
[SourceDate "2022.10.05"]
[SourceVersion "1"]
[SourceVersionDate "2022.10.05"]
[SourceQuality "1"]

1. Nf3 Nf6 2. c4 g6 3. g3 Bg7 4. Bg2 0-0 5. 0-0 d5 6. d4 c6 7. Qb3 h6 8. Nc3 dxc4 9. Qxc4 Na6 10. Qb3 Qb6 11. Bf4 Qxb3 12. axb3 Be6 13. Nd2 Nb4 14. Ra4 Nfd5 15. e4 Nxf4 16. gxf4 Nd3 17. e5 Nxf4 18. Rfa1 a6 19. Rb4 Rab8 20. Bf1 Rfd8 21. Nde4 Nd5 22. Nxd5 Bxd5 23. Nc5 b5 24. Bg2 Ra8 25. Bxd5 Rxd5 26. Nxa6 e6 27. Ra3 Rxa6 28. Rxa6 Bf8 29. Ra8 Kg7 30. Rxf8 Kxf8 31. h4 Ke7 0-1

[Event "Collado Villalba op 39th"]
[Site "Collado Villalba"]
[Date "2022.08.21"]
[Round "2"]
[White "Abbasifar, Hasan"]
[Black "Olmedo Aznar, Eduardo"]
[Result "1-0"]
[WhiteElo "2345"]
[BlackElo "1790"]
[PlyCount "57"]
[EventDate "2022.08.20"]
[EventType "swiss"]
[EventRounds "9"]
[EventCountry "ESP"]
[SourceTitle "EXT 2023"]
[Source "ChessBase"]
[SourceDate "2022.10.05"]
[SourceVersion "1"]
[SourceVersionDate "2022.10.05"]
[SourceQuality "1"]

1. e4 e6 2. d4 d5 3. Nc3 dxe4 4. Nxe4 Bd7 5. Nf3 Bc6 6. Bd3 Nd7 7. Qe2 Ngf6 8. Neg5 Bxf3 9. Qxf3 c6 10. 0-0 Be7 11. c4 0-0 12. Qh3 h6 13. Nf3 Re8 14. Re1 Bf8 15. g4 g6 16. Bxh6 Bxh6 17. Qxh6 Nxg4 18. Qf4 Ngf6 19. Ng5 Qb8 20. Qf3 Kg7 21. Re3 Rh8 22. Qg2 Rh6 23. Rae1 Nf8 24. Rf3 Qd8 25. Rf4 Qd6 26. Rxf6 Qxd4 27. Rxf7+ Kh8 28. Qe4 Qd6 29. Rf4 1-0

[Event "Collado Villalba Grupo Gallinero op 1st"]
[Site "Collado Villalba"]
[Date "2022.08.14"]
[Round "5"]
[White "Perdomo Araujo, Angel Eduardo"]
[Black "Abbasifar, Hasan"]
[Result "0-1"]
[WhiteElo "2109"]
[BlackElo "2345"]
[PlyCount "134"]
[EventDate "2022.08.12"]
[EventType "swiss"]
[EventRounds "9"]
[EventCountry "ESP"]
[SourceTitle "CBM 210 Extra"]
[Source "ChessBase"]
[SourceDate "2022.11.30"]
[SourceVersion "1"]
[SourceVersionDate "2022.11.30"]
[SourceQuality "1"]

1. e4 d6 2. d4 Nf6 3. Nc3 g6 4. Bg5 c6 5. Qe2 Qa5 6. e5 dxe5 7. Qxe5 Qxe5+ 8. dxe5 Ng4 9. f4 Ne3 10. Kd2 Nxf1+ 11. Rxf1 Na6 12. Nf3 Bf5 13. a3 Nc5 14. Nd4 Bg7 15. Kc1 Rd8 16. Rd1 Bg4 17. Rd2 f6 18. exf6 exf6 19. Bh4 Kf7 20. h3 Bc8 21. Bf2 Nd7 22. Nf3 Nb6 23. Rxd8 Rxd8 24. Rd1 Rxd1+ 25. Kxd1 Bh6 26. Be3 Nc4 27. Bc1 Bf8 28. Ke2 b6 29. Nd2 Nxd2 30. Kxd2 Be6 31. Ke2 Bf5 32. Kd1 h5 33. Be3 Ke6 34. Kd2 Bd6 35. h4 Bc7 36. g3 Bd6 37. b4 Be7 38. Bd4 Bd6 39. Be3 Bc7 40. b5 c5 41. a4 Bd6 42. Bf2 Bh3 43. Ne4 Be7 44. Ke3 Kd5 45. Nd2 Bg2 46. c4+ Ke6 47. Ne4 Kf5 48. Nc3 Bd8 49. Be1 Bf1 50. Ne2 Bg2 51. Nc3 g5 52. hxg5 fxg5 53. Kf2 Bb7 54. Bd2 g4 55. Ke3 h4 56. gxh4 Bxh4 57. Nd5 Bg3 58. Ne7+ Ke6 59. Ng6 Kf6 60. Ne5 Kf5 61. Nd3 Be4 62. a5 Bxd3 63. Kxd3 Bxf4 64. Be1 g3 65. Ke2 Ke4 66. a6 Kd4 67. Kf3 Bc7 0-1

[Event "Collado Villalba Grupo Gallinero op 1st"]
[Site "Collado Villalba"]
[Date "2022.08.13"]
[Round "2"]
[White "Abbasifar, Hasan"]
[Black "Madrigal, Ana Daniela"]
[Result "1-0"]
[WhiteElo "2345"]
[BlackElo "1989"]
[PlyCount "83"]
[EventDate "2022.08.12"]
[EventType "swiss"]
[EventRounds "9"]
[EventCountry "ESP"]
[SourceTitle "CBM 210 Extra"]
[Source "ChessBase"]
[SourceDate "2022.11.30"]
[SourceVersion "1"]
[SourceVersionDate "2022.11.30"]
[SourceQuality "1"]

1. e4 e5 2. Nf3 Nc6 3. Bc4 Bc5 4. c3 Nf6 5. d3 a6 6. Bb3 d6 7. Na3 h6 8. Nc4 0-0 9. 0-0 Ba7 10. a4 Re8 11. Qe2 Bg4 12. Ne3 Be6 13. Bxe6 fxe6 14. b4 Rf8 15. Nc4 Qe8 16. Be3 Qh5 17. b5 Bxe3 18. fxe3 Ne7 19. b6 d5 20. Ncxe5 dxe4 21. dxe4 Nxe4 22. Qc4 Ng5 23. Nxg5 Qxg5 24. Qxe6+ Kh7 25. Nd7 Rfe8 26. bxc7 Nd5 27. Qf7 Nxe3 28. Rf2 Ng4 29. Qf5+ Qxf5 30. Rxf5 Rac8 31. Rf7 Kg6 32. Raf1 Ne3 33. Nf8+ Rxf8 34. Rxf8 Rxc7 35. Re1 Nc4 36. Rb1 Nd2 37. Rb6+ Kg5 38. Rd6 Nc4 39. Re6 h5 40. g3 Nb2 41. h4+ Kg4 42. Kg2 1-0

[Event "Karoun Masters Cup 6th"]
[Site "Ahvaz"]
[Date "2019.02.25"]
[Round "7"]
[White "Khademi, Mohammad Miran"]
[Black "Abbasifar, Hasan"]
[Result "1-0"]
[WhiteElo "2298"]
[BlackElo "2401"]
[PlyCount "77"]
[EventDate "2019.02.21"]
[EventType "swiss"]
[EventRounds "9"]
[EventCountry "IRI"]
[SourceTitle "CBM 189 Extra"]
[Source "ChessBase"]
[SourceDate "2019.06.03"]
[SourceVersion "1"]
[SourceVersionDate "2019.06.03"]
[SourceQuality "1"]

1. e4 e5 2. Nc3 Nf6 3. g3 Bc5 4. Bg2 d6 5. Nge2 a6 6. d3 Nc6 7. a3 0-0 8. h3 Be6 9. g4 Nd7 10. Ng3 Nd4 11. Nd5 Ba7 12. h4 c6 13. Ne3 Nc5 14. b4 Na4 15. Bd2 b5 16. Rb1 c5 17. c3 Nc6 18. Nef5 cxb4 19. axb4 Rc8 20. g5 Ne7 21. Qf3 Bxf5 22. exf5 Nxc3 23. Rc1 Bd4 24. f6 Ned5 25. Nf5 g6 26. Nh6+ Kh8 27. h5 Nf4 28. Bxf4 exf4 29. Nxf7+ Rxf7 30. hxg6 Rfc7 31. g7+ Kg8 32. Qh3 Kf7 33. Qh5+ Ke6 34. Bh3+ Kd5 35. Qf3+ Ke5 36. Kf1 d5 37. Re1+ Be3 38. Rxe3+ fxe3 39. Qg3+ 1-0

[Event "Karoun Masters Cup 6th"]
[Site "Ahvaz"]
[Date "2019.02.23"]
[Round "4"]
[White "Abbasifar, Hasan"]
[Black "Mosadeghpour, Masoud"]
[Result "0-1"]
[WhiteElo "2401"]
[BlackElo "2531"]
[PlyCount "75"]
[EventDate "2019.02.21"]
[EventType "swiss"]
[EventRounds "9"]
[EventCountry "IRI"]
[SourceTitle "CBM 189 Extra"]
[Source "ChessBase"]
[SourceDate "2019.06.03"]
[SourceVersion "1"]
[SourceVersionDate "2019.06.03"]
[SourceQuality "1"]

1. d4 Nf6 2. Bg5 Ne4 3. Bf4 d5 4. e3 c5 5. Bd3 Nc6 6. Bxe4 dxe4 7. d5 Nb4 8. Nc3 e6 9. d6 Qa5 10. Nge2 Nc6 11. Qd2 e5 12. Rd1 Bd7 13. Bg3 0-0-0 14. Nxe4 Qb4 15. N2c3 f5 16. a3 Qa5 17. Bh4 Re8 18. Ng3 g6 19. 0-0 h6 20. Be7 Bxe7 21. dxe7 Be6 22. Rb1 Rxe7 23. b4 cxb4 24. axb4 Rd8 25. Qe1 Nxb4 26. Ra1 Qc5 27. Na4 Qd6 28. Qe2 Qa6 29. Qf3 Qc6 30. e4 Nxc2 31. Rfc1 Rc7 32. Qe2 f4 33. Nf1 Kb8 34. h3 Qc4 35. Qxc4 Rxc4 36. Nb2 Nxa1 37. Nxc4 Nb3 38. Rc3 0-1

[Event "Sant Adria de Besos op 2nd"]
[Site "Sant Adria de Besos"]
[Date "2018.08.15"]
[Round "8"]
[White "Cruz, Jonathan"]
[Black "Abbasifar, Hasan"]
[Result "1/2-1/2"]
[WhiteElo "2420"]
[BlackElo "2407"]
[PlyCount "58"]
[EventDate "2018.08.10"]
[EventType "swiss"]
[EventRounds "9"]
[EventCountry "ESP"]
[SourceTitle "CBM 186 Extra"]
[Source "ChessBase"]
[SourceDate "2018.08.24"]
[SourceVersion "1"]
[SourceVersionDate "2018.08.24"]
[SourceQuality "1"]

1. e4 d6 2. d4 Nf6 3. Nc3 g6 4. Bg5 Nbd7 5. Qd2 c6 6. Nf3 Bg7 7. h3 b5 8. Bd3 Nb6 9. Bh6 0-0 10. 0-0 a6 11. e5 Nfd5 12. Ne4 Bf5 13. Rfe1 Qc7 14. Ng3 Bxd3 15. cxd3 f6 16. Re4 Bxh6 17. Qxh6 Rf7 18. e6 Rg7 19. Rg4 Qd8 20. Nf5 Qf8 21. Nxg7 Qxg7 22. Qxg7+ Kxg7 23. Re4 Rc8 24. Re2 Nf4 25. Rd2 Nbd5 26. Re1 Nc7 27. g3 Nfxe6 28. a3 Kf7 29. Rc2 Nd8 1/2-1/2

[Event "Heraklion op 18th"]
[Site "Heraklion"]
[Date "2016.09.09"]
[Round "8"]
[White "Diaz Camallonga, Carles"]
[Black "Abbasifar, Hasan"]
[Result "1-0"]
[WhiteElo "2337"]
[BlackElo "2432"]
[PlyCount "106"]
[EventDate "2016.09.03"]
[EventType "swiss"]
[EventRounds "9"]
[EventCountry "GRE"]
[SourceTitle "CBM 174 Extra"]
[Source "ChessBase"]
[SourceDate "2016.10.10"]
[SourceVersion "1"]
[SourceVersionDate "2016.10.10"]
[SourceQuality "1"]

1. e4 d6 2. d4 Nf6 3. Nc3 g6 4. Nf3 Bg7 5. Be2 c6 6. a4 0-0 7. 0-0 Qc7 8. h3 e5 9. dxe5 dxe5 10. Be3 Na6 11. Bxa6 bxa6 12. Qe2 Nh5 13. Qc4 Qb7 14. b3 Be6 15. Qc5 Rfe8 16. Qa5 h6 17. Rad1 g5 18. Ne1 Nf4 19. Kh2 Bf8 20. Bc5 Qc8 21. Bxf8 Rxf8 22. Nd3 f6 23. Nxf4 gxf4 24. Qc5 Rf7 25. Rd6 Rc7 26. Rfd1 Kf7 27. R1d3 Rb8 28. Na2 Qb7 29. Rc3 Qb6 30. Rxc6 Rxc6 31. Qxc6 Rb7 32. a5 Qb5 33. Rc5 Qxc6 34. Rxc6 Rd7 35. f3 Rd2 36. Nb4 f5 37. Nd3 fxe4 38. fxe4 Ke7 39. Nxe5 Rd4 40. Rxa6 Rxe4 41. Rxa7+ Ke8 42. Nf3 Bd5 43. Rc7 Re2 44. Kg1 Be4 45. Kf1 Rxc2 46. Rxc2 Bxc2 47. Nd4 Be4 48. Kf2 Kd7 49. Ne2 Kc6 50. Nc3 Bd3 51. b4 Bc4 52. Kf3 Bf1 53. Ne2 Kd5 1-0

[Event "Heraklion op 18th"]
[Site "Heraklion"]
[Date "2016.09.07"]
[Round "6"]
[White "Theodorou, Nikolas"]
[Black "Abbasifar, Hasan"]
[Result "1-0"]
[WhiteElo "2482"]
[BlackElo "2432"]
[PlyCount "87"]
[EventDate "2016.09.03"]
[EventType "swiss"]
[EventRounds "9"]
[EventCountry "GRE"]
[SourceTitle "CBM 174 Extra"]
[Source "ChessBase"]
[SourceDate "2016.10.10"]
[SourceVersion "1"]
[SourceVersionDate "2016.10.10"]
[SourceQuality "1"]

1. Nf3 Nf6 2. c4 g6 3. Nc3 Bg7 4. g3 0-0 5. Bg2 d6 6. d4 Nbd7 7. 0-0 e5 8. h3 Re8 9. e4 exd4 10. Nxd4 Nc5 11. Re1 a5 12. Ndb5 Bd7 13. Qc2 Qc8 14. Kh2 Be6 15. b3 a4 16. Be3 axb3 17. axb3 Rxa1 18. Rxa1 Nfd7 19. Rd1 Qb8 20. Nd5 Na6 21. Qa2 Bxd5 22. cxd5 Qd8 23. Rc1 Ndc5 24. Qb1 Qd7 25. Na3 Qe7 26. Rc4 h5 27. h4 Nd7 28. Bg5 Bf6 29. f4 Bxg5 30. hxg5 Nb6 31. Rc3 Qd7 32. Qg1 Ra8 33. Qd4 Nc5 34. b4 Na6 35. Nc2 Re8 36. Ne1 Qb5 37. Nd3 Na4 38. Rc2 Nb6 39. Bh3 Qa4 40. Rf2 Qd1 41. f5 gxf5 42. g6 Re5 43. gxf7+ Kf8 44. Qe3 1-0

[Event "Heraklion op 18th"]
[Site "Heraklion"]
[Date "2016.09.06"]
[Round "5"]
[White "Abbasifar, Hasan"]
[Black "Pavlidis, Anastasios"]
[Result "1-0"]
[WhiteElo "2432"]
[BlackElo "2377"]
[PlyCount "73"]
[EventDate "2016.09.03"]
[EventType "swiss"]
[EventRounds "9"]
[EventCountry "GRE"]
[SourceTitle "CBM 174 Extra"]
[Source "ChessBase"]
[SourceDate "2016.10.10"]
[SourceVersion "1"]
[SourceVersionDate "2016.10.10"]
[SourceQuality "1"]

1. d4 f5 2. e4 fxe4 3. Nc3 Nf6 4. Bg5 g6 5. Bxf6 exf6 6. Nxe4 Bg7 7. Qd2 0-0 8. 0-0-0 f5 9. Ng5 f4 10. h4 d5 11. N1f3 Nc6 12. Bd3 Qf6 13. c3 Bg4 14. Rde1 Rae8 15. Rxe8 Rxe8 16. h5 Bxh5 17. Nxh7 Qd6 18. Nhg5 Bh6 19. Qc2 Kg7 20. Bb5 Qf6 21. Nh3 a6 22. Bd3 Nd8 23. Kb1 Nf7 24. Qb3 Qc6 25. a3 b5 26. Nhg1 Qd7 27. Ne2 c6 28. Qc2 Qe7 29. Nc1 Qd6 30. Nb3 Bg4 31. Nc5 Bc8 32. Nh4 Nh8 33. Qd1 Rf8 34. Qe2 g5 35. Nf3 Nf7 36. Ne5 Re8 37. Nxf7 1-0

[Event "Heraklion op 18th"]
[Site "Heraklion"]
[Date "2016.09.04"]
[Round "3"]
[White "Abbasifar, Hasan"]
[Black "Mitsis, Georgios"]
[Result "1/2-1/2"]
[WhiteElo "2432"]
[BlackElo "2189"]
[PlyCount "131"]
[EventDate "2016.09.03"]
[EventType "swiss"]
[EventRounds "9"]
[EventCountry "GRE"]
[SourceTitle "CBM 174 Extra"]
[Source "ChessBase"]
[SourceDate "2016.10.10"]
[SourceVersion "1"]
[SourceVersionDate "2016.10.10"]
[SourceQuality "1"]

1. e4 e6 2. d4 d5 3. Nc3 Nf6 4. Bg5 dxe4 5. Nxe4 Be7 6. Bxf6 gxf6 7. Nf3 f5 8. Ng3 c5 9. Bc4 cxd4 10. Qxd4 Qxd4 11. Nxd4 a6 12. 0-0-0 Nd7 13. Rhe1 Nf6 14. f3 Bd7 15. Bb3 Rc8 16. Kb1 Kf8 17. Rd2 Bc5 18. c3 Kg7 19. Bc2 Rhd8 20. Red1 Bb6 21. Nge2 Kh8 22. h3 Bc7 23. g4 fxg4 24. hxg4 e5 25. g5 Ne8 26. Nb3 Bc6 27. Rh1 Bxf3 28. Rxh7+ Kg8 29. Ng1 Rxd2 30. Nxd2 Bc6 31. g6 fxg6 32. Bxg6 Nf6 33. Rh4 Rd8 34. Kc2 Kg7 35. Bf5 Nd5 36. Be4 Ne3+ 37. Kc1 Bxe4 38. Rxe4 Nd5 39. Ngf3 Nf4 40. Kc2 Kf6 41. Rc4 Bd6 42. a4 Ke6 43. Re4 Kf5 44. b4 Rc8 45. Kb3 b5 46. axb5 axb5 47. Re1 Nd5 48. Ne4 Be7 49. Nc5 Bf6 50. Nd2 Be7 51. Nf3 Bf6 52. Nd2 Be7 53. Nde4 Rh8 54. Rf1+ Nf4 55. Ng3+ Kg4 56. Nge4 Kf5 57. Re1 Rh3 58. Nd7 Nd5 59. Ng3+ Kf4 60. Rxe5 Nxc3 61. Rxe7 Rxg3 62. Rf7+ Ke4 63. Nc5+ Ke5 64. Kc2 Nd5 65. Na6 Rg6 66. Nc5 1/2-1/2

[Event "Eretria op 1st"]
[Site "Eretria"]
[Date "2014.08.29"]
[Round "4"]
[White "Abbasifar, Hasan"]
[Black "Melich, Jindrich"]
[Result "1-0"]
[WhiteElo "2496"]
[BlackElo "2093"]
[PlyCount "27"]
[EventDate "2014.08.26"]
[EventType "swiss"]
[EventRounds "9"]
[EventCountry "GRE"]
[SourceTitle "CBM 162 Extra"]
[Source "ChessBase"]
[SourceDate "2014.10.17"]
[SourceVersion "1"]
[SourceVersionDate "2014.10.17"]
[SourceQuality "1"]

1. e4 d6 2. d4 Nf6 3. Nc3 g6 4. f3 c6 5. Be3 b5 6. Qd2 a6 7. h4 h5 8. 0-0-0 Qc7 9. Kb1 Nbd7 10. Nh3 Bg7 11. f4 b4 12. Ne2 Ng4 13. e5 Nf8 14. Nhg1 1-0

[Event "Eretria op 1st"]
[Site "Eretria"]
[Date "2014.08.27"]
[Round "2"]
[White "Abbasifar, Hasan"]
[Black "Petrukhina, Irina"]
[Result "0-1"]
[WhiteElo "2496"]
[BlackElo "2182"]
[PlyCount "69"]
[EventDate "2014.08.26"]
[EventType "swiss"]
[EventRounds "9"]
[EventCountry "GRE"]
[SourceTitle "CBM 162 Extra"]
[Source "ChessBase"]
[SourceDate "2014.10.17"]
[SourceVersion "1"]
[SourceVersionDate "2014.10.17"]
[SourceQuality "1"]

1. d4 Nf6 2. Bg5 Ne4 3. Bf4 d5 4. f3 Nf6 5. Nc3 c5 6. e3 a6 7. Qd2 Nc6 8. 0-0-0 e6 9. g4 b5 10. dxc5 Bxc5 11. e4 d4 12. Nce2 e5 13. Bg5 h6 14. Bxf6 Qxf6 15. Kb1 Be6 16. Nc1 Qd8 17. Nb3 Be7 18. Ne2 Qb6 19. h3 0-0 20. f4 Rfd8 21. g5 hxg5 22. fxg5 Rac8 23. Ng3 Nb4 24. Bd3 a5 25. Nf5 Bf8 26. Nc1 a4 27. Rhg1 a3 28. b3 Bxf5 29. exf5 Nd5 30. g6 e4 31. gxf7+ Kxf7 32. Rg6 Rd6 33. Be2 d3 34. Bh5 Qd4 35. Rxd6+ 0-1

[Event "Kerman"]
[Site "Kerman"]
[Date "2012.12.01"]
[Round "6"]
[White "Daneshgar, Ali"]
[Black "Abbasifar, Hasan"]
[Result "0-1"]
[WhiteElo "1962"]
[BlackElo "2440"]
[PlyCount "68"]
[EventDate "2012.11.28"]
[EventType "tourn"]
[EventRounds "15"]
[EventCountry "IRI"]
[SourceTitle "EXT 2014"]
[Source "ChessBase"]
[SourceDate "2013.11.20"]
[SourceVersion "1"]
[SourceVersionDate "2013.11.20"]
[SourceQuality "1"]

1. e4 e5 2. Nf3 Nc6 3. Bb5 d6 4. d4 Bd7 5. 0-0 exd4 6. Nxd4 g6 7. c3 Bg7 8. Be3 Nf6 9. f3 0-0 10. Na3 Re8 11. Bf2 a6 12. Nxc6 bxc6 13. Bc4 a5 14. Qd2 Qb8 15. Rfe1 Qb7 16. Rab1 d5 17. e5 Nh5 18. g4 dxc4 19. gxh5 Bf5 20. Rbd1 c5 21. h6 Bf8 22. Kg2 Be6 23. Be3 Rab8 24. Re2 Bh3+ 25. Kg3 Rxe5 26. Nxc4 Rh5 27. Bf4 Bf5 28. h4 Rxh4 29. Ne5 Rh3+ 30. Kg2 f6 31. Qd5+ Qxd5 32. Rxd5 fxe5 33. Bxe5 Re8 34. Kf2 c6 0-1

[Event "Bogoroditsk 12"]
[Site "Bogoroditsk"]
[Date "2011.12.20"]
[Round "13"]
[White "Ibrahimov, Rasul"]
[Black "Abbasifar, Hasan"]
[Result "1/2-1/2"]
[WhiteElo "2532"]
[BlackElo "2451"]
[PlyCount "60"]
[EventDate "2011.12.12"]
[EventType "tourn"]
[EventRounds "13"]
[EventCountry "RUS"]
[EventCategory "6"]
[SourceTitle "CBM 146 Extra"]
[Source "ChessBase"]
[SourceDate "2012.02.29"]
[SourceVersion "1"]
[SourceVersionDate "2012.02.29"]
[SourceQuality "1"]

1. Nf3 d5 2. d4 Nf6 3. c4 c6 4. e3 Bf5 5. Nc3 e6 6. Bd3 Be7 7. Bxf5 exf5 8. cxd5 Nxd5 9. Qb3 Qb6 10. Qc2 g6 11. 0-0 Nd7 12. Nxd5 cxd5 13. Bd2 0-0 14. Rfc1 Bd6 15. Ne1 Nf6 16. Nd3 Kg7 17. Qb3 Qxb3 18. axb3 a6 19. Bb4 Bxb4 20. Nxb4 Rac8 21. Kf1 Rfe8 22. Nd3 Ne4 23. Ke2 g5 24. f3 Nd6 25. Kd2 Nb5 26. Rxc8 Rxc8 27. Ra4 Kf6 28. Nc5 Rc7 29. Kd3 Nd6 30. Ra1 h5 1/2-1/2

[Event "Bogoroditsk 12"]
[Site "Bogoroditsk"]
[Date "2011.12.15"]
[Round "6"]
[White "Abbasifar, Hasan"]
[Black "Arakeljan, Armen M"]
[Result "1-0"]
[WhiteElo "2451"]
[BlackElo "2287"]
[PlyCount "41"]
[EventDate "2011.12.12"]
[EventType "tourn"]
[EventRounds "13"]
[EventCountry "RUS"]
[EventCategory "6"]
[SourceTitle "CBM 146 Extra"]
[Source "ChessBase"]
[SourceDate "2012.02.29"]
[SourceVersion "1"]
[SourceVersionDate "2012.02.29"]
[SourceQuality "1"]

1. d4 Nf6 2. c4 g6 3. Nc3 d5 4. cxd5 Nxd5 5. e4 Nxc3 6. bxc3 Bg7 7. Nf3 c5 8. Rb1 0-0 9. Be2 Qa5 10. 0-0 Qxa2 11. Bg5 cxd4 12. cxd4 Re8 13. Bb5 Bd7 14. Bd3 Bg4 15. Rxb7 Bxd4 16. Bb5 Rd8 17. Qc1 Bxf3 18. gxf3 Qe6 19. Rxe7 Qd6 20. Bc4 Nc6 21. Rxf7 1-0

[Event "Bogoroditsk 12"]
[Site "Bogoroditsk"]
[Date "2011.12.13"]
[Round "2"]
[White "Biriukov, Ilja"]
[Black "Abbasifar, Hasan"]
[Result "0-1"]
[WhiteElo "2417"]
[BlackElo "2451"]
[PlyCount "92"]
[EventDate "2011.12.12"]
[EventType "tourn"]
[EventRounds "13"]
[EventCountry "RUS"]
[EventCategory "6"]
[SourceTitle "CBM 146 Extra"]
[Source "ChessBase"]
[SourceDate "2012.02.29"]
[SourceVersion "1"]
[SourceVersionDate "2012.02.29"]
[SourceQuality "1"]

1. c4 g6 2. d4 Bg7 3. Nc3 d6 4. Nf3 Bg4 5. e3 c5 6. d5 Bxc3+ 7. bxc3 Nf6 8. Qb3 Bxf3 9. gxf3 Nbd7 10. f4 0-0 11. Bd3 Rb8 12. Bd2 Qe8 13. h4 e5 14. 0-0-0 Ng4 15. Rdf1 Ndf6 16. Qc2 exf4 17. exf4 a6 18. Rhg1 b5 19. h5 bxc4 20. Bxc4 Kh8 21. hxg6 fxg6 22. f5 gxf5 23. Qxf5 Ne5 24. Bh6 Rf7 25. Bg7+ Rxg7 26. Qxf6 Qf8 27. Qxg7+ Qxg7 28. Rxg7 Kxg7 29. Be2 Ng6 30. f4 Kf6 31. Bxa6 Ra8 32. Bc4 h5 33. Kd2 Ra4 34. Bb3 Rxf4 35. Rxf4+ Nxf4 36. a4 Ke5 37. a5 Nxd5 38. a6 Nc7 39. a7 d5 40. Ke3 c4 41. Ba4 Kd6 42. Be8 h4 43. Kf4 Kc5 44. Kg4 Kb6 45. Kxh4 Kxa7 46. Kg3 Nxe8 0-1

[Event "Bogoroditsk 12"]
[Site "Bogoroditsk"]
[Date "2011.12.12"]
[Round "1"]
[White "Abbasifar, Hasan"]
[Black "Bernshteyn, Michael"]
[Result "1-0"]
[WhiteElo "2451"]
[BlackElo "2458"]
[PlyCount "141"]
[EventDate "2011.12.12"]
[EventType "tourn"]
[EventRounds "13"]
[EventCountry "RUS"]
[EventCategory "6"]
[SourceTitle "CBM 146 Extra"]
[Source "ChessBase"]
[SourceDate "2012.02.29"]
[SourceVersion "1"]
[SourceVersionDate "2012.02.29"]
[SourceQuality "1"]

1. e4 g6 2. d4 Bg7 3. Nc3 d6 4. Bc4 Nc6 5. Be3 Nf6 6. f3 0-0 7. Nge2 a6 8. Qd2 e5 9. 0-0 Bd7 10. a3 exd4 11. Nxd4 Ne5 12. Ba2 Re8 13. Rad1 b5 14. Bg5 Qb8 15. Qf2 Nc4 16. Bxc4 bxc4 17. Rb1 Qb6 18. Rfd1 Qc5 19. Bxf6 Bxf6 20. Nd5 Bg7 21. b4 cxb3 22. cxb3 Rac8 23. Rbc1 Qxa3 24. Nxc7 Red8 25. Ra1 Qc5 26. Nd5 Ra8 27. b4 Qa7 28. Rac1 Rdb8 29. Nc6 Qxf2+ 30. Kxf2 Bxc6 31. Ne7+ Kf8 32. Nxc6 Rb6 33. Rxd6 Rc8 34. Rc4 Ke8 35. Rc5 Rxb4 36. Rcd5 Rb2+ 37. Kg3 f6 38. Nd4 Rb7 39. Rxa6 Re7 40. Nb5 Kf8 41. h4 Kg8 42. Kh3 Rb8 43. Nd4 Reb7 44. Rad6 h5 45. Ne6 Rb6 46. Nf4 Rxd6 47. Rxd6 Kh7 48. Rd7 Re8 49. Kg3 Kh6 50. Rd6 Kh7 51. Nd5 Rf8 52. f4 Re8 53. Kf3 Rf8 54. g3 Rf7 55. Rc6 Kh6 56. g4 hxg4+ 57. Kxg4 f5+ 58. exf5 Rxf5 59. Ne7 Rf7 60. Rxg6+ Kh7 61. Re6 Bf8 62. Ng6 Bb4 63. Ne5 Rc7 64. f5 Rc2 65. f6 Re2 66. Rb6 Ba3 67. Rb7+ Kh6 68. Kf5 Rf2+ 69. Ke6 Re2 70. Rb8 Kh7 71. f7 1-0

[Event "Kimovsk"]
[Site "Kimovsk"]
[Date "2011.02.19"]
[Round "1"]
[White "Vasiliev, Vladimir P"]
[Black "Abbasifar, Hasan"]
[Result "1-0"]
[WhiteElo "2367"]
[BlackElo "2411"]
[PlyCount "139"]
[EventDate "2011.02.19"]
[EventType "tourn"]
[EventRounds "9"]
[EventCountry "RUS"]
[EventCategory "7"]
[SourceTitle "CBM 141 Extra"]
[Source "ChessBase"]
[SourceDate "2011.05.03"]
[SourceVersion "1"]
[SourceVersionDate "2011.05.03"]
[SourceQuality "1"]

1. e4 c5 2. Nf3 Nc6 3. Bb5 g6 4. 0-0 Bg7 5. c3 Nf6 6. Re1 0-0 7. d4 cxd4 8. cxd4 d5 9. e5 Ne4 10. Bxc6 bxc6 11. Nbd2 Nxd2 12. Qxd2 Bg4 13. Qf4 Bxf3 14. Qxf3 Qb6 15. Qc3 Rab8 16. b3 Qb4 17. Qxb4 Rxb4 18. Be3 f6 19. f4 g5 20. g3 gxf4 21. gxf4 fxe5 22. fxe5 c5 23. dxc5 Bxe5 24. Rac1 Re4 25. c6 Rxe3 26. Rxe3 Bd4 27. Rcc3 e5 28. c7 Bxe3+ 29. Rxe3 e4 30. Rc3 Rc8 31. Kf2 Kf7 32. Ke3 Ke6 33. Kd4 Kd6 34. Rc5 Rxc7 35. Rxd5+ Ke6 36. Re5+ Kf6 37. Kxe4 Rc2 38. Ra5 Re2+ 39. Kd3 Re7 40. h4 Ke6 41. Ke4 Kd6+ 42. Kd4 Kc6 43. a4 Rd7+ 44. Kc4 Rf7 45. Ra6+ Kb7 46. Rd6 Rf4+ 47. Rd4 Rf7 48. b4 Rc7+ 49. Kd5 Rc1 50. Rg4 Rd1+ 51. Kc5 Rc1+ 52. Kb5 Rc7 53. h5 Rf7 54. h6 Rf5+ 55. Kc4 Kb6 56. Rg7 Rf4+ 57. Kc3 Rf3+ 58. Kd2 Rf4 59. a5+ Ka6 60. b5+ Kxa5 61. Rxa7+ Kxb5 62. Ke3 Rf6 63. Rxh7 Kc5 64. Ke4 Kd6 65. Rh8 Rf7 66. Ra8 Ke6 67. Ra6+ Ke7 68. Ke5 Rf1 69. Ra7+ Kf8 70. Ra8+ 1-0